00321nam a22001217a 4500003000400000005001700004008004100021020001500062040000800077100002400085245004800109260004200157OSt20231110103112.0231110b xxu||||| |||| 00| 0 eng d a8170003024 cN/A aSatyanarayana Reddy aAutomated Management of Library Collections aNew DelhibEss Ess Publicationsc2001